| 000 | 00471nam a2200193Ia 4500 | ||
|---|---|---|---|
| 008 | 170918s9999 xx 000 0 und d | ||
| 020 | _a43941797x | ||
| 050 | _bC913 2001 | ||
| 100 | _aCreech, Sharon | ||
| 245 | 2 | _aA fine, fine school / | |
| 245 | _cSharon Creech ; pictures by Harry Bliss. | ||
| 260 | _aNew York : | ||
| 260 | _bScholastic, | ||
| 260 | _c2001 | ||
| 300 | _aunpaged : | ||
| 300 | _bcolored illustration ; | ||
| 300 | _c28cm. | ||
| 500 | _a300 | ||
| 999 |
_c342649 _d342649 |
||